000 00646cam a22002293a 4500
001 30314
003 PGUSA
005 20140828083644.0
008 091022s2009||||xxu|||||s|||||000 | eng d
040 _aPGUSA
_beng
042 _adc
050 4 _aND
100 1 _aMacFall, Haldane,
_d1860-1928
245 1 0 _aVigée Le Brun
_h[electronic resource] /
_cHaldane MacFall
260 _bProject Gutenberg,
_c2009
506 _aPublic domain in the USA.
516 _aElectronic text
653 _aVigée-Lebrun, Louise-Elisabeth, 1755-1842
830 0 _aProject Gutenberg
_v30314
856 4 0 _uhttp://www.gutenberg.org/ebooks/30314
942 _cEB
999 _c259569
_d259569